000 00461nam a2200181 a 4500
005 20140414132123.0
008 130213s19uu xx 00 eng d
020 _a9780689826849
050 _aTR
_bRo781 1972
100 _aCarle, Eric
245 _aRooster's off to see the world/.
260 _aNew York :
_bAlladins paperback,
_c1972.
300 _a23p.
650 _aNumbers.
650 _aCounting.
650 _aAnimals-
_xfiction.
999 _c115151
_d115151